| 000 | 01639nam a2200205 a 4500 | ||
|---|---|---|---|
| 001 | 000035731 | ||
| 005 | 20200930074552.0 | ||
| 008 | 111109s1992 ve 000 0 spa d | ||
| 020 | _a9802214884 | ||
| 040 |
_aDO-SdBNP _bspa _cBNPHU |
||
| 245 | 0 | 0 |
_aJosé Martí en Venezuela y nuestra América / _ccompilador Alberto Rodríguez Carucci. |
| 260 |
_aMérida, Venezuela : _bUniversidad de los Andes, Cátedra Latinoamericana "José Martí _bDirección General de Cultura y Extensión : _bInstituto de Investigaciones Literarias "Gonzalo Picón Febres", _c1992. |
||
| 300 |
_a127 p. : _bil. ; _c23 cm. |
||
| 500 | _aEntre el 14 y el 16 de marzo de 1991 se llevó a cabo en Mérida el I Encuentro de Cátedras "José Martí de Venezuela, organizado por la Cátedra Latinoamericana "José Martíde la Universidad de los Andes"--P. 5. | ||
| 520 | _aResultado del Primer Encuentro de Cátedras José Martí de Venezuela (1991). La mayoría de los trabajos versan sobre el ensayo 'Nuestra América', que Martí publicó en 1891. Varios son expresiones de opiniones políticas. 'Discurso Reflexivo y Discurso Literario en 'Nuestra América' de José Martí', tal vez sea uno de los que tiene más intención de estudio. El volumen también recuerda la fundación, por parte de Martí, de la Revista Venezolana, en 1881, cuando se encontraba en Venezuela"--Handbook of Latin American Studies, v. 58. |u http://www.loc.gov/hlas/ | ||
| 504 | _aBibliografía : p. 127 | ||
| 700 | 1 | 2 |
_aRodríguez Carucci, Alberto _ecomp. _961669 |
| 710 | 2 |
_aUniversidad de los Andes (Mérida, Venezuela). _bCátedra Latinoamericana "José Martí _961670 |
|
| 049 | _aBNPD | ||
| 999 |
_c35222 _d35222 |
||